AH International Schools' Libraries

Wake up do, Lydia Lou! / (Record no. 49504)

MARC details
000 -LEADER
fixed length control field 01095nam a2200181 4500
020 ## - INTERNATIONAL STANDARD BOOK NUMBER
International Standard Book Number 9781447209560 (hardback)
020 ## - INTERNATIONAL STANDARD BOOK NUMBER
International Standard Book Number 9781447209577 (paperback)
100 1# - MAIN ENTRY--PERSONAL NAME
Personal name Donaldson, Julia,
Relator term author.
9 (RLIN) 45441
245 10 - TITLE STATEMENT
Title Wake up do, Lydia Lou! /
Statement of responsibility, etc Julia Donaldson ; illustrated by Karen George.
260 ## - PUBLICATION, DISTRIBUTION, ETC. (IMPRINT)
Place of publication, distribution, etc London :
Name of publisher, distributor, etc Macmillan Children's Books,
Date of publication, distribution, etc 2013.
300 ## - PHYSICAL DESCRIPTION
Extent 22 p. :
Other physical details chiefly col. ill. ;
Dimensions 27 cm.
500 ## - GENERAL NOTE
General note A little ghost tries to give Lydia Lou a scare . . . but he can't even wake her up. So he fetches his noisy animal friends to help!<br/><br/>Mew! Moo! Too-whit too-whoo!<br/>Wake up do, Lydia Lou!<br/><br/>Will anything ever wake her?<br/><br/>A gentle and playful bedtime read from Julia Donaldson, the author of The Gruffalo, and prize-winning illustrator Karen George. Wake Up Do, Lydia Lou! is full of fun sounds which children will love to join in with time and time again.
650 ## - SUBJECT ADDED ENTRY--TOPICAL TERM
Topical term or geographic name as entry element Sleep
Form subdivision Juvenile fiction.
9 (RLIN) 38559
650 ## - SUBJECT ADDED ENTRY--TOPICAL TERM
Topical term or geographic name as entry element Ghosts
Form subdivision Juvenile fiction.
9 (RLIN) 86659
700 1# - ADDED ENTRY--PERSONAL NAME
Personal name George, Karen
Titles and other words associated with a name (Illustrator)
9 (RLIN) 86660
942 ## - ADDED ENTRY ELEMENTS (KOHA)
Source of classification or shelving scheme
Koha item type Book
Holdings
Withdrawn status Lost status Source of classification or shelving scheme Damaged status Not for loan Home library Current library Date acquired Total Checkouts Full call number Barcode Date last seen Price effective from Koha item type
          Logos International School Logos International School 09/04/2025   E DON 042965 09/08/2025 09/04/2025 Book

For any Logos Library related questions please contact Miss Art at swongnarasuk@asianhope.org.

For any Asian Hope Library related questions please contact Miss Raza at graza@asianhope.org.

Click here to explore our ebooks!

Powered by Koha